Z potravinárskeho salónu SALIMA 79

Bibliographic Details
Main Author: Španko, Vojtech, 1925- (Author)
Format: Article
Language:Slovak
PhysicalDescription:Obr. 8.
Subjects:

MARC

LEADER 00000nab a2200000 a 4500
001 vtls000029832
003 SK-MaSNL
005 20260304071621.0
008 250422c1979 xo 0 slo
015 |a SNBRB19rr/mm-uuuuu 
035 |a CL0039926 
035 |a urn:nbn:sk:snk-ab6wtc 
035 |a (uuid)3860cd5f-ab86-4201-96ca-7c77555abaea 
035 |a (urnnbn)urn:nbn:sk:snk:ar-a063dl 
035 |a (sysno)vtls000029832 
040 |a SNKBUCL  |b slo  |c SNKBUCL  |e AACR2 
041 0 |a slo 
044 |a xo  |c SK 
080 |a 663/665  |2 1981 
100 1 |a Španko, Vojtech,  |d 1925-  |4 aut  |9 5465 
245 1 0 |a Z potravinárskeho salónu SALIMA 79  |c Vojtech Španko 
300 |b Obr. 8. 
650 0 7 |a potravinársky priemysel  |2 snkbucl  |9 974 
650 0 7 |a Salima 79  |2 snkbucl  |9 1212722 
655 7 |a články z novín a časopisov  |2 snkbucl  |9 267496 
773 0 |t Výživa a zdravie  |g Roč. 24, č. 4 (1979), s. 84-85 
850 |a Slovenská národná knižnica 
852 |a Slovenská národná knižnica 
954 |a odborná, vedecká literatúra pôvodná (slovenská)  |2 lita 
957 |a 3702 
958 |a article27 
958 |a RK 
958 |a OND 
958 |a EUIPO 
992 |a RBX 
999 |c 2761213  |d 2763143